| 000 | 00828cab a2200241 4500 | ||
|---|---|---|---|
| 001 | ABS68744 | ||
| 008 | 050224n2005 000 0 eng u | ||
| 035 | _a(Sirsi) u128877 | ||
| 100 | _aParets, R | ||
| 245 | 4 | _aThe belle of the ball: banking on high returns, investors embrace hotels once again | |
| 260 | _c2005 | ||
| 490 |
_aNational Real Estate Investor _v47(1) January 2005, 21-26(5) |
||
| 520 | _aExamines the state of the hotel investment market in the US, now that the effect of economic recession is fading and the repercussions of the attack on the World Trade Center are wearing off. Tables. | ||
| 590 | _aABS | ||
| 590 | _aRKA | ||
| 650 | _aREITS | ||
| 650 | _aHOTELS | ||
| 650 | _aUNITED STATES | ||
| 650 | _aMARKET | ||
| 650 | _aPROPERTY-COMMERCIAL PROPERTY | ||
| 690 | _aINVESTMENT | ||
| 942 | _n0 | ||
| 999 |
_c74834 _d74834 |
||